[Event "Titled Tuesday intern op 06th Feb Early"]
[Site "Chess.com INT"]
[Date "2024.02.06"]
[Round "8"]
[White "Shirov, Alexei"]
[Black "Nilsen, Joachim Birger"]
[Result "1-0"]
[WhiteElo "2660"]
[BlackElo "2412"]
[PlyCount "101"]
[EventDate "2024.02.06"]
[EventType "swiss (blitz)"]
[EventRounds "11"]
[EventCountry "USA"]
[SourceTitle "CB07_2024"]
[SourceDate "2024.02.14"]
[SourceVersion "1"]
[SourceVersionDate "2024.02.14"]
[SourceQuality "1"]

1. e4 c5 2. Nf3 g6 3. c3 d5 4. e5 Nc6 5. Bb5 Bg4 6. Bxc6+ bxc6 7. d3 Bg7 8. Nbd2 Qb6 9. h3 Bf5 10. Qe2 Qa6 11. c4 Nh6 12. 0-0 0-0 13. Nb3 dxc4 14. dxc4 Rad8 15. Nxc5 Qb6 16. Be3 Qc7 17. Rfd1 Bc8 18. g4 f5 19. g5 Nf7 20. Bf4 e6 21. b4 Rxd1+ 22. Rxd1 Re8 23. h4 Bf8 24. Qe3 Rd8 25. Rxd8 Nxd8 26. Ne1 a5 27. a3 axb4 28. axb4 Nb7 29. Ned3 Nxc5 30. Nxc5 Qb6 31. Qc3 Bxc5 32. bxc5 Qb1+ 33. Kh2 Qe4 34. Qd2 Ba6 35. Qd8+ Kf7 36. Qf6+ Kg8 37. Qxe6+ Kg7 38. Qd7+ Kg8 39. Qd8+ Kg7 40. Qc7+ Kg8 41. Qb8+ Kf7 42. e6+ Qxe6 43. Qa7+ Qe7 44. Qxa6 Qe4 45. Qb7+ Ke6 46. Qc8+ Kf7 47. Qd7+ Kg8 48. Qd8+ Kf7 49. Qf6+ Kg8 50. Qe5 Qf3 51. Qe8+ 1-0

[Event "NOR-chT Elite 2223"]
[Site "Norway"]
[Date "2023.03.05"]
[Round "9.51"]
[White "Nilsen, Joachim Birger"]
[Black "Blomqvist, Erik"]
[Result "0-1"]
[WhiteElo "2416"]
[BlackElo "2538"]
[PlyCount "106"]
[EventDate "2022.11.11"]
[EventType "team-tourn"]
[EventRounds "9"]
[EventCountry "NOR"]
[SourceTitle "CBM 213 Extra"]
[Source "ChessBase"]
[SourceDate "2023.05.31"]
[SourceVersion "1"]
[SourceVersionDate "2023.05.31"]
[SourceQuality "1"]
[WhiteTeam "Bergens"]
[BlackTeam "Nordstrand"]
[WhiteTeamCountry "NOR"]
[BlackTeamCountry "NOR"]

1. d4 d5 2. c4 c6 3. cxd5 cxd5 4. Bg5 f6 5. Bd2 Nc6 6. e4 dxe4 7. Be3 e5 8. d5 Nce7 9. Nc3 Nf5 10. Qa4+ Bd7 11. Qxe4 Nxe3 12. Qxe3 Nh6 13. Bd3 Rc8 14. Nge2 Bc5 15. Qg3 0-0 16. 0-0 Nf7 17. Kh1 f5 18. f4 e4 19. Bc4 Nd6 20. Bb3 b5 21. a3 Qb6 22. Rfd1 Bf2 23. Qh3 a5 24. Rf1 Kh8 25. Nd1 Bc5 26. Qh4 b4 27. a4 Qa6 28. Re1 Rf6 29. Qg3 e3 30. Bc2 Ba7 31. Bb1 Re8 32. Qf3 Qb7 33. Bd3 Ne4 34. Bxe4 fxe4 35. Qg3 Rg6 36. Qh4 Qxd5 37. Ng3 Qb3 38. f5 Rh6 39. Qg5 e2 40. Nxe2 e3 41. Ng3 Bc6 42. Nh5 Bxg2+ 43. Qxg2 Rxh5 44. Qf3 Rh6 45. Rc1 Kg8 46. Nf2 Rd6 47. Rc7 Bd4 48. Ng4 Qd5 49. Qxd5+ Rxd5 50. f6 Bxf6 51. Rxe3 Rd1+ 52. Kg2 Rxe3 53. Nxe3 Rd2+ 0-1

[Event "Cappelle Online Blitz op 1st"]
[Site "Europe Echecs INT"]
[Date "2021.01.10"]
[Round "8"]
[White "Bauer, Christian"]
[Black "Nilsen, Joachim Birger"]
[Result "1-0"]
[WhiteElo "2639"]
[BlackElo "2418"]
[PlyCount "53"]
[EventDate "2021.01.10"]
[EventType "swiss (blitz)"]
[EventRounds "11"]
[EventCountry "FRA"]
[SourceTitle "CBM 200 Extra"]
[Source "ChessBase"]
[SourceDate "2021.03.31"]
[SourceVersion "1"]
[SourceVersionDate "2021.03.31"]
[SourceQuality "1"]

1. e4 e5 2. Nf3 Nf6 3. d3 Nc6 4. g3 Bc5 5. Bg2 d6 6. 0-0 a6 7. Nc3 Nd4 8. Nxd4 Bxd4 9. Ne2 Bb6 10. h3 Be6 11. d4 Bc4 12. c3 0-0 13. Re1 Re8 14. b3 Bb5 15. c4 Bc6 16. d5 Bd7 17. Rf1 Rf8 18. Kh2 Nh5 19. g4 Nf6 20. Ng3 Ne8 21. f4 exf4 22. Rxf4 g6 23. Qd3 Ng7 24. Bb2 f5 25. exf5 gxf5 26. gxf5 h5 27. f6 1-0

[Event "Cappelle Online Blitz op 1st"]
[Site "Europe Echecs INT"]
[Date "2021.01.10"]
[Round "9"]
[White "Nilsen, Joachim Birger"]
[Black "Peralta, Fernando"]
[Result "1-0"]
[WhiteElo "2418"]
[BlackElo "2554"]
[PlyCount "39"]
[EventDate "2021.01.10"]
[EventType "swiss (blitz)"]
[EventRounds "11"]
[EventCountry "FRA"]
[SourceTitle "CBM 200 Extra"]
[Source "ChessBase"]
[SourceDate "2021.03.31"]
[SourceVersion "1"]
[SourceVersionDate "2021.03.31"]
[SourceQuality "1"]

1. d4 Nf6 2. c4 e6 3. Nc3 Bb4 4. Qc2 0-0 5. Nf3 d6 6. e3 b6 7. Bd3 Bb7 8. 0-0 Bxc3 9. Qxc3 Nbd7 10. b3 Ne4 11. Qc2 f5 12. Nd2 Qh4 13. f3 Ng5 14. f4 Qg4 15. d5 Nf7 16. Rf3 Nc5 17. Rg3 Qh5 18. Bb2 Nxd3 19. Rxg7+ Kh8 20. Rg5+ 1-0

[Event "Cappelle Online Blitz op 1st"]
[Site "Europe Echecs INT"]
[Date "2021.01.10"]
[Round "7"]
[White "Nilsen, Joachim Birger"]
[Black "Sanal, Vahap"]
[Result "1-0"]
[WhiteElo "2418"]
[BlackElo "2563"]
[PlyCount "55"]
[EventDate "2021.01.10"]
[EventType "swiss (blitz)"]
[EventRounds "11"]
[EventCountry "FRA"]
[SourceTitle "CBM 200 Extra"]
[Source "ChessBase"]
[SourceDate "2021.03.31"]
[SourceVersion "1"]
[SourceVersionDate "2021.03.31"]
[SourceQuality "1"]

1. Nf3 Nf6 2. c4 e6 3. Nc3 d5 4. e3 c6 5. b3 Nbd7 6. Bb2 Be7 7. Qc2 b6 8. Be2 Bb7 9. Rg1 c5 10. g4 Ne4 11. d3 Nxc3 12. Bxc3 Bf6 13. 0-0-0 Qe7 14. g5 Bxc3 15. Qxc3 e5 16. cxd5 Bxd5 17. h4 a5 18. Kb2 a4 19. h5 b5 20. h6 g6 21. d4 exd4 22. Nxd4 cxd4 23. Rxd4 axb3 24. a4 Nb6 25. Bxb5+ Kf8 26. Rxd5 Rg8 27. Re5 Qd6 28. Rd1 1-0

[Event "Oslo Offerspill op"]
[Site "Oslo"]
[Date "2020.06.12"]
[Round "3"]
[White "Nilsen, Joachim Birger"]
[Black "Tari, Aryan"]
[Result "1/2-1/2"]
[WhiteElo "2411"]
[BlackElo "2634"]
[PlyCount "66"]
[EventDate "2020.06.10"]
[EventType "swiss"]
[EventRounds "9"]
[EventCountry "NOR"]
[SourceTitle "CBM 197 Extra"]
[Source "ChessBase"]
[SourceDate "2020.09.30"]
[SourceVersion "1"]
[SourceVersionDate "2020.09.30"]
[SourceQuality "1"]

1. d4 Nf6 2. c4 e6 3. Nc3 Bb4 4. Qc2 d6 5. e3 0-0 6. Bd3 c5 7. Nge2 Nc6 8. a3 Bxc3+ 9. Qxc3 e5 10. d5 e4 11. dxc6 exd3 12. Qxd3 bxc6 13. 0-0 d5 14. Qc2 Ng4 15. b4 Ba6 16. h3 Ne5 17. cxd5 Qxd5 18. Nf4 Qc4 19. Qxc4 Nxc4 20. Re1 Rfd8 21. e4 Rab8 22. Ne2 Rd3 23. Bf4 Re8 24. bxc5 Rxe4 25. Ng3 Re6 26. Red1 Rd5 27. Nf5 g6 28. Rxd5 cxd5 29. Ne3 d4 30. Nxc4 Bxc4 31. Rc1 Bb5 32. a4 Bc6 33. f3 f6 1/2-1/2

[Event "NOR-chT Club"]
[Site "Drammen"]
[Date "2019.05.30"]
[Round "1.3"]
[White "Nilsen, Joachim Birger"]
[Black "Hamre, Kenneth"]
[Result "1-0"]
[WhiteElo "2401"]
[BlackElo "2033"]
[PlyCount "55"]
[EventDate "2019.05.30"]
[EventType "team-swiss"]
[EventRounds "6"]
[EventCountry "NOR"]
[SourceTitle "CBM 190 Extra"]
[Source "ChessBase"]
[SourceDate "2019.07.15"]
[SourceVersion "1"]
[SourceVersionDate "2019.07.15"]
[SourceQuality "1"]
[WhiteTeam "Bergens"]
[BlackTeam "Kristiansand"]
[WhiteTeamCountry "NOR"]
[BlackTeamCountry "NOR"]

1. c4 e6 2. Nf3 Nf6 3. g3 b6 4. Bg2 Bb7 5. 0-0 c5 6. d4 cxd4 7. Qxd4 Nc6 8. Qf4 d6 9. Rd1 Be7 10. Nc3 0-0 11. b3 e5 12. Qd2 Qd7 13. Ba3 Rad8 14. e4 h6 15. Qe2 a6 16. Rd2 Qc7 17. Rc1 Nb8 18. Rdc2 Nbd7 19. Nd5 Nxd5 20. cxd5 Qb8 21. Bh3 Nc5 22. b4 Na4 23. b5 a5 24. Nxe5 Bg5 25. f4 dxe5 26. fxg5 Rfe8 27. gxh6 g6 28. Qf2 1-0

[Event "NOR-chT 1819"]
[Site "Norway"]
[Date "2019.03.09"]
[Round "8.2"]
[White "Nilsen, Joachim Birger"]
[Black "Mikalsen, Erlend"]
[Result "1/2-1/2"]
[WhiteElo "2405"]
[BlackElo "2368"]
[PlyCount "39"]
[EventDate "2018.11.02"]
[EventType "team-tourn"]
[EventRounds "9"]
[EventCountry "NOR"]
[SourceTitle "CBM 189 Extra"]
[Source "ChessBase"]
[SourceDate "2019.06.03"]
[SourceVersion "1"]
[SourceVersionDate "2019.06.03"]
[SourceQuality "1"]
[WhiteTeam "Bergens"]
[BlackTeam "Alta"]
[WhiteTeamCountry "NOR"]
[BlackTeamCountry "NOR"]

1. d4 Nf6 2. Nf3 b6 3. e3 Bb7 4. Bd3 g6 5. c4 Bg7 6. 0-0 0-0 7. Nc3 d5 8. Qe2 e6 9. e4 dxe4 10. Nxe4 Nc6 11. Be3 Ne7 12. Nc3 Nf5 13. Rad1 Nxe3 14. Qxe3 Qe7 15. Ne5 c5 16. dxc5 Qxc5 17. Qxc5 bxc5 18. Na4 Rac8 19. Bc2 Rc7 20. f4 1/2-1/2

[Event "Titled Tuesday intern op 1st May"]
[Site "Chess.com INT"]
[Date "2018.05.01"]
[Round "6"]
[White "Nilsen, Joachim Birger"]
[Black "Melkumyan, Hrant"]
[Result "0-1"]
[WhiteElo "2405"]
[BlackElo "2662"]
[PlyCount "184"]
[EventDate "2018.05.01"]
[EventType "swiss (blitz)"]
[EventRounds "10"]
[EventCountry "USA"]
[SourceTitle "EXT 2021"]
[Source "ChessBase"]
[SourceDate "2020.10.23"]
[SourceVersion "1"]
[SourceVersionDate "2020.10.23"]
[SourceQuality "1"]

1. c4 Nf6 2. Nc3 g6 3. e4 d6 4. d4 Bg7 5. Be2 0-0 6. Nf3 c5 7. 0-0 Re8 8. h3 cxd4 9. Nxd4 Nc6 10. Be3 Nxd4 11. Bxd4 Bd7 12. Qd2 Bc6 13. Bd3 a5 14. b3 Nd7 15. Bxg7 Kxg7 16. Rae1 Qb6 17. Kh1 Qd4 18. f4 f6 19. Re3 Qc5 20. Nd5 Rac8 21. h4 e6 22. Nc3 a4 23. Rh3 axb3 24. axb3 h6 25. Rg3 Nf8 26. Ne2 Ra8 27. b4 Qa7 28. f5 exf5 29. exf5 Qa2 30. Qxa2 Rxa2 31. Nd4 g5 32. hxg5 hxg5 33. b5 Be4 34. Rd1 Re5 35. Bxe4 Rxe4 36. Rgd3 Rh4+ 37. Kg1 Rg4 38. R3d2 Ra4 39. b6 Rxc4 40. Nb5 Rb4 41. Nxd6 Rxb6 42. Ne8+ Kf7 43. Nd6+ Kg8 44. Nc8 Rb5 45. Rd8 Rb2 46. R1d2 Rxd2 47. Rxd2 Rc4 48. Nd6 Rc7 49. Rb2 Rd7 50. Nxb7 Rd5 51. Re2 Rxf5 52. Nd6 Rd5 53. Ne4 Kg7 54. Rf2 Nh7 55. Ng3 Kg6 56. Rc2 Re5 57. Kf2 Nf8 58. Rc6 Ne6 59. Rc4 Nf4 60. Rc3 Ra5 61. Kf3 Ra2 62. Ne4 Nxg2 63. Rc6 Nh4+ 64. Ke3 Ra3+ 65. Ke2 Rf3 66. Rc8 Rf4 67. Nc5 Nf5 68. Kd3 Rf3+ 69. Ke2 Re3+ 70. Kf2 Re5 71. Nd7 Rd5 72. Nf8+ Kf7 73. Nh7 Nd6 74. Rc7+ Kg6 75. Nf8+ Kf5 76. Nd7 Nb5 77. Rb7 Nd4 78. Nb6 Rb5 79. Nc4 Rxb7 80. Nd6+ Kf4 81. Nxb7 f5 82. Nc5 g4 83. Nd3+ Kg5 84. Kg3 Ne6 85. Ne5 f4+ 86. Kf2 Kf5 87. Nd3 Ng5 88. Nc5 g3+ 89. Kg2 Kg4 90. Nd3 f3+ 91. Kf1 g2+ 92. Kg1 Nh3+ 0-1

[Event "Titled Tuesday intern op 1st May"]
[Site "Chess.com INT"]
[Date "2018.05.01"]
[Round "4"]
[White "Shymanskyi, Oleksandr"]
[Black "Nilsen, Joachim Birger"]
[Result "0-1"]
[WhiteElo "2296"]
[BlackElo "2405"]
[PlyCount "146"]
[EventDate "2018.05.01"]
[EventType "swiss (blitz)"]
[EventRounds "10"]
[EventCountry "USA"]
[SourceTitle "EXT 2021"]
[Source "ChessBase"]
[SourceDate "2020.10.23"]
[SourceVersion "1"]
[SourceVersionDate "2020.10.23"]
[SourceQuality "1"]

1. b3 a5 2. a4 Nf6 3. Bb2 g6 4. Bxf6 exf6 5. c4 d5 6. cxd5 Qxd5 7. Nc3 Qd8 8. g3 c6 9. Bg2 Bb4 10. Nf3 0-0 11. 0-0 f5 12. Qc2 Nd7 13. d4 Qe7 14. e3 Nf6 15. Ne5 Be6 16. Na2 Bd6 17. Nc4 Bc7 18. Nc3 Rfd8 19. Rfd1 h5 20. h4 Rd7 21. Rd2 Rad8 22. Rad1 Qb4 23. Na2 Qe7 24. Nc3 Qb4 25. Na2 Qe7 26. Bf3 Kg7 27. Kg2 Nd5 28. Nc3 Nb4 29. Qb2 Qf6 30. Na2 Nxa2 31. Qxa2 Kh7 32. Qc2 Kh6 33. Qc3 Bd5 34. Nxa5 Bxf3+ 35. Kxf3 Qe6 36. Nc4 f4 37. exf4 Qg4+ 38. Kg2 Bxf4 39. Rd3 Bc7 40. Qd2+ Kh7 41. Qe3 Qf5 42. Qf3 Qg4 43. Qxg4 hxg4 44. Ne3 f5 45. f3 gxf3+ 46. Kxf3 Bb6 47. Nc2 Kg7 48. Re1 Kf7 49. Red1 Kf6 50. b4 Re7 51. Re3 Rxe3+ 52. Kxe3 Re8+ 53. Kf3 Re4 54. a5 Bc7 55. Re1 Rg4 56. Rg1 Re4 57. Re1 Rg4 58. Rg1 Re4 59. g4 Rf4+ 60. Ke3 fxg4 61. Ne1 Kf5 62. Nd3 Re4+ 63. Kd2 Rxd4 64. Kc3 Re4 65. Rf1+ Bf4 66. Nc5 Re3+ 67. Kd4 Re7 68. Nd3 Re4+ 69. Kc5 g3 70. Kb6 g2 71. Rg1 Be3+ 72. Kxb7 Bxg1 73. Nc5 Rxb4+ 0-1

[Event "NOR-ch rapid"]
[Site "Drammen"]
[Date "2018.01.06"]
[Round "5"]
[White "Nilsen, Joachim Birger"]
[Black "Blauhut, Holger"]
[Result "1-0"]
[WhiteElo "2413"]
[BlackElo "1982"]
[PlyCount "67"]
[EventDate "2018.01.06"]
[EventType "swiss (rapid)"]
[EventRounds "10"]
[EventCountry "NOR"]
[SourceTitle "CBM 182 Extra"]
[Source "ChessBase"]
[SourceDate "2018.02.23"]
[SourceVersion "1"]
[SourceVersionDate "2018.02.23"]
[SourceQuality "1"]

1. c4 e6 2. Nc3 d5 3. e3 Nf6 4. Nf3 b6 5. b3 Bb7 6. Bb2 Be7 7. cxd5 exd5 8. d4 0-0 9. Bd3 Nbd7 10. 0-0 Ne4 11. Qc2 Ndf6 12. Rad1 Rc8 13. Nb5 Nd6 14. Nxa7 Ra8 15. Nc6 Bxc6 16. Qxc6 Rxa2 17. Ra1 Rxa1 18. Rxa1 Nde4 19. Ne5 Bd6 20. f3 Ng5 21. Ra7 Qe8 22. Qxe8 Rxe8 23. Bb5 Rd8 24. Bc6 h6 25. Bc3 Ne6 26. Be1 Bxe5 27. dxe5 Nd7 28. f4 Ndc5 29. f5 Ng5 30. Bh4 d4 31. Bxg5 hxg5 32. exd4 Rxd4 33. Rxc7 Nxb3 34. e6 1-0

[Event "Titled Tuesday intern op 12th Dec"]
[Site "Chess.com INT"]
[Date "2017.12.12"]
[Round "2"]
[White "Bluebaum, Matthias"]
[Black "Nilsen, Joachim Birger"]
[Result "0-1"]
[WhiteElo "2642"]
[BlackElo "2416"]
[PlyCount "114"]
[EventDate "2017.12.12"]
[EventType "swiss (blitz)"]
[EventRounds "10"]
[EventCountry "USA"]
[SourceTitle "EXT 2021"]
[Source "ChessBase"]
[SourceDate "2020.10.23"]
[SourceVersion "1"]
[SourceVersionDate "2020.10.23"]
[SourceQuality "1"]

1. d4 Nf6 2. c4 e6 3. Nf3 Bb4+ 4. Nbd2 0-0 5. a3 Be7 6. e4 d6 7. Be2 c5 8. d5 Nbd7 9. 0-0 e5 10. Ne1 Ne8 11. Nd3 Bg5 12. f4 exf4 13. Nf3 Bf6 14. Bxf4 Qe7 15. Qc2 b5 16. cxb5 Qxe4 17. Rae1 Qxd5 18. Nf2 Nb6 19. Bd3 Qh5 20. h3 c4 21. Be4 Rb8 22. g4 Qc5 23. Bxh7+ Kh8 24. Kg2 Bb7 25. a4 Nd5 26. Bc1 Nb4 27. Qf5 g6 28. Qxc5 dxc5 29. Bh6 Ng7 30. Ne4 Bxe4 31. Rxe4 Kxh7 32. Bc1 Nd3 33. Rxc4 Nxc1 34. Rcxc1 Ne6 35. b3 Rfd8 36. Rcd1 Kg7 37. Kg3 Nd4 38. g5 Be7 39. Kg4 Nf5 40. Rxd8 Rxd8 41. Re1 Bd6 42. h4 Nd4 43. Nxd4 cxd4 44. Rd1 Bb4 45. Rd3 Bc3 46. Kf3 Re8 47. Kf4 f6 48. gxf6+ Kxf6 49. Rg3 Re1 50. Rd3 Rb1 51. a5 Rxb3 52. Ke4 Rxb5 53. Rf3+ Rf5 54. a6 Rxf3 55. Kxf3 d3 56. Ke3 d2 57. Ke2 Kf5 0-1

[Event "Titled Tuesday intern op 12th Dec"]
[Site "Chess.com INT"]
[Date "2017.12.12"]
[Round "3"]
[White "Nilsen, Joachim Birger"]
[Black "Xiong, Jeffery"]
[Result "1/2-1/2"]
[WhiteElo "2416"]
[BlackElo "2634"]
[PlyCount "54"]
[EventDate "2017.12.12"]
[EventType "swiss (blitz)"]
[EventRounds "10"]
[EventCountry "USA"]
[SourceTitle "EXT 2021"]
[Source "ChessBase"]
[SourceDate "2020.10.23"]
[SourceVersion "1"]
[SourceVersionDate "2020.10.23"]
[SourceQuality "1"]

1. e4 e5 2. Nf3 Nc6 3. Nc3 Nf6 4. d4 exd4 5. Nxd4 Bb4 6. Nxc6 bxc6 7. Bd3 0-0 8. 0-0 d5 9. exd5 cxd5 10. Qf3 c6 11. h3 Rb8 12. Bf4 Bd6 13. b3 Rb4 14. Bxd6 Qxd6 15. Qg3 Qe7 16. Rfe1 Be6 17. a3 Rbb8 18. Ne2 c5 19. Nf4 Qd7 20. Nxe6 fxe6 21. Qe5 Rbe8 22. f4 Qc6 23. c4 Nd7 24. Qh5 Nf6 25. Qe5 Nd7 26. Qh5 Nf6 27. Qe5 Nd7 1/2-1/2

[Event "Titled Tuesday intern op 2nd Dec"]
[Site "Chess.com INT"]
[Date "2017.12.05"]
[Round "9"]
[White "Moskalenko, Alexander"]
[Black "Nilsen, Joachim Birger"]
[Result "1-0"]
[WhiteElo "2522"]
[BlackElo "2416"]
[PlyCount "163"]
[EventDate "2017.12.05"]
[EventType "swiss (blitz)"]
[EventRounds "10"]
[EventCountry "USA"]
[SourceTitle "EXT 2021"]
[Source "ChessBase"]
[SourceDate "2020.10.23"]
[SourceVersion "1"]
[SourceVersionDate "2020.10.23"]
[SourceQuality "1"]

1. e3 g6 2. d4 Bg7 3. Nf3 c5 4. Nbd2 b6 5. Bd3 Bb7 6. 0-0 Nf6 7. Re1 0-0 8. Qe2 d5 9. c3 Nc6 10. Ba6 Qc8 11. Bxb7 Qxb7 12. a4 Nd7 13. b3 e5 14. dxe5 Ndxe5 15. Bb2 Rfe8 16. Nxe5 Bxe5 17. Nf3 Bg7 18. Qc2 Rad8 19. Rad1 c4 20. b4 a6 21. Nd4 Ne5 22. Ne2 Nd3 23. Rf1 Qd7 24. Nc1 Nxb2 25. Qxb2 Qxa4 26. Ne2 a5 27. bxa5 Qxa5 28. Rb1 Rb8 29. Rfd1 Red8 30. Nd4 Qc5 31. g3 h5 32. Qb5 Rdc8 33. h4 Qxb5 34. Rxb5 Rc5 35. Rdb1 Rxb5 36. Rxb5 Bxd4 37. exd4 Ra8 38. Rxb6 Ra3 39. Rd6 Ra5 40. Kg2 Kf8 41. Rf6 Ke7 42. Rf3 Ra2 43. Re3+ Kd6 44. Rf3 Ke6 45. Re3+ Kd6 46. Rf3 Ke6 47. Kf1 Rc2 48. Ke1 Ra2 49. Kf1 Rc2 50. Kg1 Ra2 51. Kh2 Rc2 52. Kh3 Ra2 53. g4 hxg4+ 54. Kxg4 Ra1 55. Kg5 Rg1+ 56. Rg3 Rf1 57. Re3+ Kd6 58. Rf3 Ke7 59. h5 Rg1+ 60. Rg3 Rf1 61. Re3+ Kf8 62. Rf3 Rg1+ 63. Rg3 Rf1 64. Rf3 gxh5 65. Kxh5 Rg1 66. Rg3 Rf1 67. Rf3 Kg7 68. Kg5 Re1 69. Kf5 f6 70. Re3 Rc1 71. Ke6 Rc2 72. Kxd5 Rxf2 73. Kxc4 Kg6 74. Kd5 f5 75. c4 Kg5 76. Rc3 f4 77. c5 Re2 78. c6 Re8 79. c7 Rc8 80. Ke6 Kg4 81. Kd7 f3 82. Kxc8 1-0

[Event "Titled Tuesday intern op 2nd Dec"]
[Site "Chess.com INT"]
[Date "2017.12.05"]
[Round "5"]
[White "Nilsen, Joachim Birger"]
[Black "Mekhitarian, Krikor Sevag"]
[Result "1-0"]
[WhiteElo "2416"]
[BlackElo "2522"]
[PlyCount "113"]
[EventDate "2017.12.05"]
[EventType "swiss (blitz)"]
[EventRounds "10"]
[EventCountry "USA"]
[SourceTitle "EXT 2021"]
[Source "ChessBase"]
[SourceDate "2020.10.23"]
[SourceVersion "1"]
[SourceVersionDate "2020.10.23"]
[SourceQuality "1"]

1. d4 Nf6 2. Bf4 d5 3. e3 c5 4. Nd2 Nc6 5. c3 cxd4 6. exd4 Bf5 7. Qb3 Qc8 8. Ngf3 e6 9. Nh4 Bg4 10. f3 Bh5 11. g4 Bg6 12. Nxg6 hxg6 13. Be2 Qd7 14. 0-0-0 Bd6 15. Bg3 g5 16. Kb1 0-0-0 17. Qa4 Kb8 18. Nb3 Qc7 19. Nc5 Ka8 20. Bb5 Nb8 21. Nd3 a6 22. Ne5 Rhf8 23. Rhe1 Nfd7 24. Nxd7 Nxd7 25. Bxd6 Qxd6 26. Bxd7 Qxd7 27. Qxd7 Rxd7 28. Re5 Rh8 29. Rxg5 f6 30. Rh5 Rdd8 31. Rxh8 Rxh8 32. Re1 Re8 33. h4 Kb8 34. h5 Kc7 35. f4 Kd6 36. Kc2 Rh8 37. Kd3 f5 38. gxf5 exf5 39. Rg1 Rxh5 40. Rg6+ Kd7 41. Rxg7+ Kc6 42. Rg6+ Kd7 43. Rg5 Rh3+ 44. Kc2 Ke6 45. Rg6+ Ke7 46. Rb6 Rf3 47. Rxb7+ Ke6 48. Rb6+ Ke7 49. Rxa6 Rxf4 50. Kd3 Rf2 51. b4 f4 52. a4 Rf1 53. a5 Kf7 54. Rd6 f3 55. Rxd5 Ke6 56. Re5+ Kd6 57. Rf5 1-0

[Event "NOR-chT 1718"]
[Site "Norway"]
[Date "2017.11.03"]
[Round "1.2"]
[White "Gullaksen, Eirik Tvedt"]
[Black "Nilsen, Joachim Birger"]
[Result "0-1"]
[WhiteElo "2353"]
[BlackElo "2416"]
[PlyCount "78"]
[EventDate "2017.11.03"]
[EventType "team-tourn"]
[EventRounds "9"]
[EventCountry "NOR"]
[SourceTitle "CBM 181 Extra"]
[Source "ChessBase"]
[SourceDate "2017.12.12"]
[SourceVersion "1"]
[SourceVersionDate "2017.12.12"]
[SourceQuality "1"]
[WhiteTeam "Bergens"]
[BlackTeam "Oslo SK 1911"]
[WhiteTeamCountry "NOR"]
[BlackTeamCountry "NOR"]

1. e4 c5 2. Nf3 e6 3. d3 Nc6 4. g3 d5 5. Nbd2 Nf6 6. Bg2 Be7 7. 0-0 b6 8. Re1 Bb7 9. a3 Qc7 10. Nf1 dxe4 11. dxe4 Ba6 12. Bf4 e5 13. Bg5 Rd8 14. Qb1 Nd4 15. Bxf6 Bxf6 16. Ne3 Bb7 17. Ng4 Nxf3+ 18. Bxf3 Bg5 19. Ne3 0-0 20. Qa2 Bxe3 21. Rxe3 Rd2 22. Qc4 Rfd8 23. Qc3 R2d4 24. Ree1 g6 25. Qe3 Qc6 26. Bg2 Qb5 27. Qc3 f6 28. h4 Kg7 29. Rac1 Qd7 30. Qe3 Qb5 31. Qc3 h6 32. Bf1 Qd7 33. Bg2 g5 34. hxg5 hxg5 35. Qe3 Qg4 36. Qf3 Qxf3 37. Bxf3 f5 38. b3 Kf6 39. Bg2 f4 0-1